| 000 | 00339nam a2200145Ia 4500 | ||
|---|---|---|---|
| 008 | 230312s9999||||xx |||||||||||||| ||und|| | ||
| 020 | _a988-19739-2-4 | ||
| 082 |
_a720.973 _bYUD-F |
||
| 100 | _aYudell;Moore,Ruble | ||
| 245 | 0 | _aFuture of Place | |
| 260 |
_bMedia _aChina _c2010 |
||
| 300 | _a391 | ||
| 650 | _aArchitecture | ||
| 942 | _cBK | ||
| 999 |
_c12000 _d12000 |
||